|
|
|
|
| LEADER |
00989aam a22002418a 4500 |
| 001 |
00046432 |
| 005 |
20210223110218.0 |
| 008 |
120329s2011 ||||||viesd |
| 020 |
# |
# |
|c 50000
|
| 041 |
0 |
# |
|a vie
|
| 082 |
1 |
4 |
|a 546
|b GI108TR
|
| 100 |
1 |
# |
|a Nguyễn, Đăng Đức
|
| 245 |
1 |
0 |
|a Giáo trình hóa học đại cương và vô cơ
|c Nguyễn Đăng Đức
|
| 260 |
# |
# |
|a Hà Nội
|b Đại học Quốc gia Hà Nội
|c 2010
|
| 300 |
# |
# |
|b hình vẽ, bảng
|a 201tr.
|c 23cm
|
| 500 |
# |
# |
|a ĐTTS ghi: Bộ Giáo dục và Đào tạo. Đại học Thái Nguyên
|
| 504 |
# |
# |
|a Thư mục: tr. 201
|
| 653 |
# |
# |
|a Giáo trình
|
| 653 |
# |
# |
|a Hóa học đại cương
|
| 653 |
# |
# |
|a Hóa vô cơ
|
| 852 |
# |
# |
|j KD.0027795
|j KGT.0061214
|j KGT.0061215
|j KGT.0061216
|j KGT.0061217
|j KGT.0061218
|j KGT.0061219
|j KGT.0061220
|j KGT.0061221
|j KGT.0061222
|
| 910 |
# |
# |
|d 19/02/2021
|
| 980 |
# |
# |
|a Trung tâm Học liệu Lê Vũ Hùng, Trường Đại học Đồng Tháp
|